000 00538nam a2200217Ia 4500
003 OSt
005 20220926042238.0
006 a|||||r|||| 00| 0
007 ta
008 220923b |||||||| |||| 00| 0 eng d
037 _cGeneral Book
040 _aRTL
_cRTL
_beng
041 _2eng
_aeng
082 _aZ2,197, J8
100 _aVenkobarao K
_9345987
245 0 _aLaw of benami transactions
260 _c1958
650 _aIndian Law
942 _hZ2,197, J8
_cGB
_2CC
999 _c669232
_d669232